Szegedi Szabadtéri Játékok 1965 : Jelenet a West Side Story-ból : [fénykép]

Elmentve itt :
Bibliográfiai részletek
Dokumentumtípus: Cikk
Megjelent: 1965
Sorozat:Tiszatáj 19 No. 10
Kulcsszavak:Szegedi Szabadtéri Játékok - 1965, Fotóművészet - magyar
Online Access:http://tiszataj.bibl.u-szeged.hu/3888
LEADER 00612nab a2200169 i 4500
001 tisza3888
005 20200330123552.0
008 170412s1965 hu o 0|| hun d
022 |a 0133-1167 
040 |a SZTE Tiszatáj Archívum  |b hun 
041 |a hun 
245 0 0 |a Szegedi Szabadtéri Játékok   |h [elektronikus dokumentum] :  |b 1965 : Jelenet a West Side Story-ból : [fénykép] 
260 |c 1965 
300 |a 816 
490 0 |a Tiszatáj  |v 19 No. 10 
695 |a Szegedi Szabadtéri Játékok - 1965, Fotóművészet - magyar 
856 4 0 |u http://tiszataj.bibl.u-szeged.hu/3888/1/tiszataj_1965_010_816.pdf  |z Dokumentum-elérés